000 00897cam a22003011 4500
001 29125
003 BD-RjUL
005 20211209051357.0
008 1404 r19691916ilu 000 0 eng
035 _a(BD-RjUL)29210
035 _a(OCoLC)ocm14760256
035 _a(CStRLIN)NYCG90-B77552
035 _a(BD-RjUL)
035 _a(NNC)891515
040 _cNBiSU
_dNNC
_aDLC
_beng
041 _aeng
082 0 4 _a146
_bSEC 1969
090 _aBD161
_b.S4
100 1 _aSellars, Roy Wood,
_d1880-1973.
_988471
245 1 0 _aCritical realism :
_ba study of the nature and conditions of knowledge /
_cby Roy Wood Sellars.
260 _aChicago ;
_aNew York :
_bRUssell & Russell,
_c1916[Reissued 1969].
300 _a2 p. l., iii-x, 283 p. ;
_c22 cm.
650 0 _aKnowledge, Theory of.
_988935
650 0 _aRealism.
_988936
942 _2ddc
_cBK
999 _c29125
_d29125